000 04821cam a22013454i 4500
001 u53505
003 PE-LiUPU
005 20250813185636.0
008 150706s2012 sp a rb 000 0 spa d
020 _a9788499486529
035 _a(Sirsi) i9788499486529
040 _aPE-LiUPU
_bspa
_cPE-LiUPU
_erda
049 _aPRUA
082 0 4 _a363.377
_bF39
_221
100 1 _aFerro Veiga, José Manuel,
_eautor.
245 1 0 _aMétodos científicos en la investigación de incendios /
_cJosé Manuel Ferro Veiga.
264 1 _aSan Vicente [del Raspeig] Alicante :
_bClub Universitario,
_cD.L. 2012.
300 _a247 páginas :
_bilustraciones ;
_c24 centímetros
336 _atext
_2rdacontent
337 _aunmediated
_2rdamedia
338 _avolume
_2rdacarrier
504 _aIncluye bibliografía.
505 0 _aHistoria del fuego -- Simbología y adoración del fuego -- Naturaleza del fuego. Medios de extinción y prevención de los incendios -- Dinámica del fuego -Origen del incendio -- Causas accidentales de los incendios -- La Inspección ocular -- Marcas -- Incendios por caudas eléctricas -- Investigación de incendios en los vehículos -- Tipos de encuestas -- Dispositivos demoradores -- Policía científica -- Piromanía -- Las necesidades de investigar -- Litigation support -- Explosiones -- Prevención de incendios forestales -- Informes y documentación -- Conclusiones y disertaciones.
526 _aP202
526 _aP201
526 _aP163
526 _aP162
526 _aP161
526 _aP160
526 _aP148
526 _aP147
526 _aP146
526 _aP145
526 _aP144
526 _aP143
526 _aP142
526 _aP141
526 _aP140
526 _aP139
526 _aP138
526 _aP137
526 _aP136
526 _aP135
526 _aP134
526 _aP133
526 _aP129
526 _aP128
526 _aP127
526 _aP120
526 _aP119
526 _aP118
526 _aP116
526 _aP115
526 _aP114
526 _aP110
526 _aP109
526 _aP108
526 _aP104
526 _aP103
526 _aP102
526 _aP99
526 _aP98
526 _aP97
526 _aP96
526 _aP95
526 _aP93
526 _aP90
526 _aP89
526 _aP88
526 _aP83
526 _aP82
526 _aP62
526 _aP59
526 _aP58
526 _aP57
526 _aP51
526 _aP49
526 _aP48
526 _aP47
526 _aP29
526 _aP24
526 _aP20
526 _aP19
526 _aP17
526 _aP15
526 _aP14
526 _aP12
526 _aP10
526 _aP09
526 _aP08
526 _aP07
526 _aP06
526 _aP05
526 _aP04
526 _aP01
541 _g0001-0042330;
541 _g001-0000891;
541 _g015-0016195;
596 _a1 2
650 0 4 _aIncendios
_xInvestigación .
910 _adbm
_bmarg
_cmarg
_d20180110
910 _agl
_cng
_d20131121
910 _cigq
942 _2ddc
_cBOOK
994 _aC0
_bPEPRU
949 _a363 F39 2012
_wDEWEY
_c1
_iFT02676
_lCCODEBUT1
_mBUT
_p35.00
_r0
_sY
_tBOOK
_u2015-12-31
_xINGENIERIA
_PP24
_0COMPRA
_o.STAFF. Colección General
949 _a363.377 F39
_wDEWEY
_c1
_i69224
_d2017-2-11
_f2018-2-9
_g4
_lFIA2
_mBUL
_p49.00
_q1
_r0
_sY
_tBOOK
_u2015-7-6
_xINGENIERIA
_PP24
_0COMPRA
_o.STAFF. Colección General
949 _a363.377 F39
_wDEWEY
_c2
_i74225
_d2017-2-11
_f2018-2-12
_g4
_lCCODEBUL1
_mBUL
_p37.28
_q1
_r0
_sY
_tBOOK
_u2016-7-26
_xINGENIERIA
_PP24
_0COMPRA
_o.STAFF. Colección General
949 _a363.377 F39
_wDEWEY
_c3
_i78041
_f2018-2-12
_g1
_lCCODEBUL1
_mBUL
_p38.80
_r0
_sY
_tBOOK
_u2018-1-10
_xINGENIERIA
_PP24
_0COMPRA
_o.STAFF. Colección Ingeniería y Arquitectura
999 _a363.377 F39
_wDEWEY
_c56224
_i69224
_d56224
_f2021-11-5
_g7
_lCCODEBUL1
_mBUL
_p49.00
_q1
_r0
_sY
_tBOOK
_u2015-7-6
_xBIBLIOTECA
_PP24
_0COMPRA
_o.STAFF. Colección General
999 _a363.377 F39
_wDEWEY
_c2
_i74225
_d2018-9-17
_f2021-11-9
_g7
_lCCODEBUL1
_mBUL
_p37.28
_q2
_r0
_sY
_tBOOK
_u2016-7-26
_xINGENIERIA
_PP24
_0COMPRA
_o.STAFF. Colección General
999 _a363.377 F39
_wDEWEY
_c3
_i78041
_f2021-11-9
_g4
_lCCODEBUL1
_mBUL
_p38.80
_r0
_sY
_tBOOK
_u2018-1-10
_xINGENIERIA
_PP24
_0COMPRA
_o.STAFF. Colección Ingeniería y Arquitectura
999 _a363 F39 2012
_wDEWEY
_c1
_iFT02676
_f2019-2-20
_g1
_lCCODEBUT1
_mBUT
_p35.00
_r0
_sY
_tBOOK
_u2015-12-31
_xINGENIERIA
_PP24
_0COMPRA
_o.STAFF. Colección General
980 _81
_gALBERTO SANCHEZ Responsable de Automatización